00398nam a2200157Ia 4500003000400000005001700004008004100021040000900062082002000071100001400091245003700105250001200142260006200154300000900216650001500225OSt20200116114724.0190216s9999||||xx |||||||||||||| ||und|| coclc a658.1511bVIN/M aVinod, A 0aManagement Accounting /cA Vinod a1st ed. bCalicut University Central Co-Operative,c2006.aCalicut: a640p aManagement